[Event "European Championship 2015"]
[Site "Jerusalem ISR"]
[Date "2015.03.03"]
[Round "7"]
[White "Stefansson, Hannes"]
[Black "Vitiugov, Nikita"]
[Result "1/2-1/2"]
[WhiteElo "2573"]
[BlackElo "2735"]
[PlyCount "79"]
[EventDate "2015.02.24"]

1. d4 Nf6 2. c4 g6 3. Nf3 Bg7 4. g3 O-O 5. Bg2 d6 6. O-O c6 7. Nc3 Qa5 8. e4 e5
9. h3 Re8 10. Be3 Nbd7 11. d5 cxd5 12. cxd5 b5 13. Nd2 Nb6 14. a4 bxa4 15. Nxa4
Nxa4 16. Qxa4 Qxa4 17. Rxa4 Bd7 18. Rxa7 Rxa7 19. Bxa7 Bb5 20. Re1 Bh6 21. Be3
Bxe3 22. Rxe3 Rc8 23. Rc3 Ra8 24. Bf3 Ra4 25. Rb3 Bd7 26. Kg2 Rd4 27. Rb8+ Kg7
28. Nb3 Ra4 29. Rb6 Nxe4 30. Bxe4 Rxe4 31. Rxd6 Bb5 32. Na5 Re1 33. g4 Rd1 34.
Rd8 g5 35. b3 Be2 36. Nc4 e4 37. Ne3 Bf3+ 38. Kh2 Rh1+ 39. Kg3 Rg1+ 40. Kh2
1/2-1/2

[Event "European Championship 2015"]
[Site "Jerusalem ISR"]
[Date "2015.03.03"]
[Round "7"]
[White "Potkin, Vladimir"]
[Black "Navara, David"]
[Result "0-1"]
[WhiteElo "2605"]
[BlackElo "2735"]
[PlyCount "80"]
[EventDate "2015.02.24"]

1. d4 Nf6 2. c4 e6 3. Nf3 b6 4. g3 Ba6 5. b3 Bb4+ 6. Bd2 Be7 7. Nc3 d5 8. cxd5
exd5 9. Bg2 O-O 10. O-O Re8 11. Qc2 c5 12. Rad1 Nc6 13. Be3 Rc8 14. Qb2 h6 15.
Rfe1 Bf8 16. Bf4 cxd4 17. Nxd4 Nxd4 18. Rxd4 Bc5 19. Rxd5 Nxd5 20. Nxd5 Bd6 21.
e3 Bxf4 22. Nxf4 Qd6 23. Bd5 Rc7 24. e4 Qe5 25. Qd2 Rec8 26. Ng6 Qf6 27. Nf4
Qc3 28. Qd1 Qxe1+ 29. Qxe1 Rc1 30. Qxc1 Rxc1+ 31. Kg2 g5 32. Ng6 Bf1+ 33. Kf3
Rc3+ 34. Kg4 Be2+ 35. Kh3 h5 36. Kg2 Bf3+ 37. Kh3 Rc2 38. Ne5 Rxf2 39. Bxf7+
Kg7 40. Nxf3 g4+ 0-1

[Event "European Championship 2015"]
[Site "Jerusalem ISR"]
[Date "2015.03.03"]
[Round "7"]
[White "Ipatov, Alexander"]
[Black "Bacrot, Etienne"]
[Result "0-1"]
[WhiteElo "2592"]
[BlackElo "2711"]
[PlyCount "118"]
[EventDate "2015.02.24"]

1. d4 Nf6 2. c4 g6 3. Nc3 Bg7 4. e4 d6 5. Nf3 O-O 6. h3 e5 7. d5 Nh5 8. g3 a5
9. Be2 Na6 10. Nh2 Nf6 11. Ng4 Nd7 12. Nh6+ Kh8 13. h4 Ndc5 14. g4 f5 15. h5 f4
16. hxg6 Bxh6 17. Rxh6 Kg7 18. Rxh7+ Kxg6 19. Rh5 Rh8 20. Kd2 Rxh5 21. gxh5+
Kh7 22. Qg1 Qf6 23. b3 Bd7 24. Qg6+ Qxg6 25. hxg6+ Kxg6 26. Ba3 Rh8 27. Rg1+
Kf6 28. Bxc5 Nxc5 29. Bf3 c6 30. Ke2 cxd5 31. Nxd5+ Kf7 32. Rg5 Be6 33. Rg1
Bxd5 34. cxd5 b5 35. Rc1 Kf6 36. Kf1 b4 37. Kg2 Rg8+ 38. Kf1 Ke7 39. Ke2 Kd7
40. Rh1 Rg7 41. Kd2 Kc7 42. Kc2 Kb6 43. Rh6 Nb7 44. Kd2 Rg1 45. Bd1 Rg2 46. Ke2
Rg7 47. Bc2 Kc5 48. Rh3 Rg1 49. Rh7 Kb6 50. Rh8 Ra1 51. Rc8 Rxa2 52. Rc6+ Ka7
53. Kd1 Ra1+ 54. Kd2 a4 55. Rc4 axb3 56. Bxb3 Nc5 57. Rxb4 Rf1 58. Bc4 Rxf2+
59. Ke1 Rf3 0-1

[Event "European Championship 2015"]
[Site "Jerusalem ISR"]
[Date "2015.03.03"]
[Round "7"]
[White "Vallejo Pons, Francisco"]
[Black "Klein, David"]
[Result "1-0"]
[WhiteElo "2706"]
[BlackElo "2505"]
[PlyCount "123"]
[EventDate "2015.02.24"]

1. c4 e6 2. Nc3 d5 3. d4 Be7 4. cxd5 exd5 5. Bf4 c6 6. e3 Bf5 7. Nge2 Nd7 8.
Ng3 Bg6 9. Be2 Nf8 10. O-O Ne6 11. Be5 Nh6 12. e4 f6 13. exd5 fxe5 14. dxe6
exd4 15. Nce4 O-O 16. Rc1 Qb6 17. b4 Nf5 18. Nc5 Nxg3 19. hxg3 Qxb4 20. Nd7 Rf5
21. Rb1 Qd6 22. Rxb7 Rg5 23. Bc4 d3 24. Rb3 Rd8 25. Re1 d2 26. Re2 Qd4 27. Rxd2
Qxc4 28. Nf6+ gxf6 29. Rxd8+ Bxd8 30. Qxd8+ Kg7 31. Qe7+ Kh6 32. Qf8+ Kh5 33.
Qxf6 Rf5 34. Qd8 Qc1+ 35. Kh2 Kh6 36. Rb4 Rh5+ 37. Rh4 Rxh4+ 38. Qxh4+ Kg7 39.
Qe7+ Kg8 40. Qd8+ Kg7 41. Qd4+ Kg8 42. f4 Qa3 43. f5 Qe7 44. Qd7 Qf8 45. fxg6
Qh6+ 46. Kg1 Qe3+ 47. Kh2 Qh6+ 48. Kg1 Qe3+ 49. Kf1 Qc1+ 50. Ke2 Qc2+ 51. Ke3
Qc3+ 52. Ke4 Qc4+ 53. Ke3 Qc3+ 54. Kf4 Qf6+ 55. Ke4 Qxg6+ 56. Kd4 Qf6+ 57. Kc4
Qf1+ 58. Kc5 Qc1+ 59. Kd6 Qa3+ 60. Kc7 Qa5+ 61. Kb7 Qb4+ 62. Kc8 1-0

[Event "European Championship 2015"]
[Site "Jerusalem ISR"]
[Date "2015.03.04"]
[Round "8"]
[White "Nepomniachtchi, Ian"]
[Black "Howell, David W L"]
[Result "1-0"]
[WhiteElo "2714"]
[BlackElo "2663"]
[PlyCount "69"]
[EventDate "2015.02.24"]

1. c4 e5 2. Nc3 Nf6 3. Nf3 Nc6 4. g3 d5 5. cxd5 Nxd5 6. Bg2 Nb6 7. a3 Be7 8. b4
Be6 9. O-O a5 10. b5 Nd4 11. Rb1 Nxf3+ 12. Bxf3 Rb8 13. d3 O-O 14. Bb2 f5 15.
Bg2 Bd6 16. a4 Qe7 17. Qc2 Qf7 18. Bc1 Nd7 19. f4 Kh8 20. fxe5 Nxe5 21. Ne4 Bb4
22. Bf4 Ng4 23. Ng5 Qe7 24. Rxb4 axb4 25. Qxc7 Bd7 26. Qd6 Qxe2 27. Qxd7 Rbc8
28. Qe6 Qxe6 29. Nxe6 Rfe8 30. Nc7 Re2 31. Bxb7 Nxh2 32. Bxc8 Nxf1 33. b6 Nh2
34. b7 Ng4 35. b8=Q 1-0

[Event "European Championship 2015"]
[Site "Jerusalem ISR"]
[Date "2015.03.04"]
[Round "8"]
[White "Nisipeanu, Liviu-Dieter"]
[Black "Korobov, Anton"]
[Result "1/2-1/2"]
[WhiteElo "2654"]
[BlackElo "2687"]
[PlyCount "21"]
[EventDate "2015.02.24"]

1. e4 c5 2. Nf3 d6 3. d4 cxd4 4. Nxd4 Nf6 5. Nc3 a6 6. Be2 e5 7. Nb3 Be7 8. Bg5
Be6 9. Bxf6 Bxf6 10. Qd3 Nc6 11. O-O-O 1/2-1/2

[Event "European Championship 2015"]
[Site "Jerusalem ISR"]
[Date "2015.03.04"]
[Round "8"]
[White "Bartel, Mateusz"]
[Black "Eljanov, Pavel"]
[Result "1/2-1/2"]
[WhiteElo "2631"]
[BlackElo "2727"]
[PlyCount "98"]
[EventDate "2015.02.24"]

1. e4 c5 2. Nf3 e6 3. d4 cxd4 4. Nxd4 Nc6 5. Nc3 Qc7 6. g3 a6 7. Bg2 d6 8. Nxc6
bxc6 9. O-O Bb7 10. Na4 c5 11. c4 Be7 12. f4 Rd8 13. Be3 Nf6 14. Nc3 Bc6 15. h3
O-O 16. g4 Qb7 17. Qc2 d5 18. e5 d4 19. Bxc6 Qxc6 20. exf6 Bxf6 21. g5 Be7 22.
Bd2 dxc3 23. Bxc3 f6 24. Rae1 fxg5 25. f5 Rd6 26. Qe4 Qxe4 27. Rxe4 Bf6 28.
Bxf6 Rxf6 29. fxe6 Rfxe6 30. Rxe6 Rxe6 31. Rf5 h6 32. Rxc5 Re2 33. b4 Rxa2 34.
Rc8+ Kh7 35. c5 Rc2 36. Rc6 Rc4 37. Rb6 g4 38. h4 g3 39. Rxa6 Rxb4 40. Ra3 Rxh4
41. Rc3 Rd4 42. c6 Rd8 43. c7 Rc8 44. Kg2 Kg6 45. Kxg3 Kg5 46. Rc1 Kf5 47. Kh4
Ke6 48. Kh5 Kd6 49. Rd1+ Ke5 1/2-1/2

[Event "European Championship 2015"]
[Site "Jerusalem ISR"]
[Date "2015.03.04"]
[Round "8"]
[White "Navara, David"]
[Black "Kempinski, Robert"]
[Result "1-0"]
[WhiteElo "2735"]
[BlackElo "2625"]
[PlyCount "63"]
[EventDate "2015.02.24"]

1. e4 c5 2. Nf3 d6 3. d4 cxd4 4. Nxd4 Nf6 5. Nc3 a6 6. Be2 e6 7. O-O Be7 8. f4
O-O 9. Kh1 Qc7 10. Qe1 Nc6 11. Be3 Na5 12. Qg3 Nc4 13. Bxc4 Qxc4 14. Rad1 Qc7
15. f5 Kh8 16. Bg5 Nh5 17. Qh4 Bxg5 18. Qxg5 Nf6 19. Rd3 h6 20. Rh3 Nh7 21. Qd2
Qe7 22. Rhf3 Nf6 23. g4 exf5 24. exf5 b5 25. g5 Nh7 26. f6 gxf6 27. gxf6 Qe5
28. Nc6 Qc5 29. Qxh6 Rg8 30. Nd8 Qc7 31. Rg1 Bg4 32. Rh3 1-0

[Event "European Championship 2015"]
[Site "Jerusalem ISR"]
[Date "2015.03.04"]
[Round "8"]
[White "Bacrot, Etienne"]
[Black "Shimanov, Aleksandr"]
[Result "1/2-1/2"]
[WhiteElo "2711"]
[BlackElo "2594"]
[PlyCount "64"]
[EventDate "2015.02.24"]

1. d4 d5 2. c4 c6 3. Nc3 Nf6 4. e3 e6 5. Nf3 a6 6. b3 Bb4 7. Bd2 O-O 8. Bd3
Nbd7 9. O-O Qe7 10. Qc2 e5 11. dxe5 Nxe5 12. Nxe5 Qxe5 13. cxd5 cxd5 14. Ne2
Bd6 15. Ng3 Qg5 16. f4 Qh4 17. Rf3 Re8 18. h3 Bd7 19. Bc3 g6 20. Bd4 Ne4 21.
Kh2 Rac8 22. Qb2 Qe7 23. Rd1 Ba3 24. Qa1 Nxg3 25. Rxg3 Rc6 26. Rg5 Rec8 27.
Rxd5 Bxh3 28. gxh3 Qh4 29. Bc4 Qf2+ 30. Kh1 Qf3+ 31. Kh2 Qf2+ 32. Kh1 Qf3+
1/2-1/2

[Event "European Championship 2015"]
[Site "Jerusalem ISR"]
[Date "2015.03.04"]
[Round "8"]
[White "Swiercz, Dariusz"]
[Black "Vitiugov, Nikita"]
[Result "1/2-1/2"]
[WhiteElo "2617"]
[BlackElo "2735"]
[PlyCount "135"]
[EventDate "2015.02.24"]

1. d4 Nf6 2. c4 e6 3. Nf3 b6 4. g3 Ba6 5. Qb3 Nc6 6. Nbd2 d5 7. a3 Bd6 8. Qc3
Bb7 9. Bg2 a5 10. b3 O-O 11. O-O Re8 12. cxd5 exd5 13. e3 Ne7 14. Bb2 Ng6 15.
Qc2 h5 16. Rac1 c5 17. dxc5 bxc5 18. Qf5 a4 19. bxa4 Bc8 20. Qg5 Be6 21. Bxf6
gxf6 22. Qxh5 Kg7 23. Ne1 Rxa4 24. Qd1 Ra7 25. Nb1 d4 26. exd4 cxd4 27. Qxd4
Bxa3 28. Qxd8 Rxd8 29. Nxa3 Rxa3 30. Nc2 Ra2 31. Nb4 Rb2 32. Nc6 Rdd2 33. Rcd1
Bg4 34. Rxd2 Rxd2 35. Re1 Bd7 36. h4 Bxc6 37. Bxc6 Ne5 38. Bg2 Nd3 39. Rf1 f5
40. Bf3 Ne5 41. Kg2 Ng4 42. Bxg4 fxg4 43. Ra1 f5 44. Ra6 Rd1 45. Ra2 Rb1 46. f3
gxf3+ 47. Kxf3 Rb4 48. Ra6 Rc4 49. Rd6 Rb4 50. Kg2 Rb2+ 51. Kf3 Rb4 52. Rd7+
Kg6 53. Rd8 Kg7 54. Rc8 Ra4 55. Rc6 Rb4 56. h5 Ra4 57. Rg6+ Kf7 58. Rg5 Kf6 59.
Rg8 Kf7 60. Rg6 Rb4 61. Kg2 Ra4 62. Kh3 Rb4 63. Ra6 Kg7 64. h6+ Kh7 65. Rf6 Ra4
66. Rxf5 Kxh6 67. g4 Kg6 68. Kh4 1/2-1/2

[Event "European Championship 2015"]
[Site "Jerusalem ISR"]
[Date "2015.03.04"]
[Round "8"]
[White "Erdos, Viktor"]
[Black "Vallejo Pons, Francisco"]
[Result "1/2-1/2"]
[WhiteElo "2615"]
[BlackElo "2706"]
[PlyCount "34"]
[EventDate "2015.02.24"]

1. Nf3 Nf6 2. g3 d5 3. Bg2 c5 4. O-O e6 5. c4 d4 6. e3 Nc6 7. exd4 cxd4 8. d3
Bd6 9. Bg5 h6 10. Bxf6 Qxf6 11. Nbd2 Qe7 12. Re1 O-O 13. a3 a5 14. Nb3 Rd8 15.
Nbxd4 Nxd4 16. Nxd4 Bxg3 17. hxg3 Rxd4 1/2-1/2

[Event "European Championship 2015"]
[Site "Jerusalem ISR"]
[Date "2015.03.04"]
[Round "8"]
[White "Hovhannisyan, Robert"]
[Black "Inarkiev, Ernesto"]
[Result "1/2-1/2"]
[WhiteElo "2592"]
[BlackElo "2675"]
[PlyCount "114"]
[EventDate "2015.02.24"]

1. e4 c5 2. Nf3 d6 3. d4 cxd4 4. Nxd4 Nf6 5. Nc3 a6 6. Be3 Ng4 7. Bc1 Nf6 8.
Be2 e5 9. Nb3 Be7 10. Be3 Be6 11. f4 exf4 12. Bxf4 O-O 13. Qd2 Nc6 14. O-O-O
Ne5 15. Nd4 b5 16. Kb1 Rc8 17. a3 Qd7 18. g4 Nfxg4 19. Rhg1 g6 20. Nxe6 Qxe6
21. Nd5 Nf2 22. Nxe7+ Qxe7 23. Qxd6 Rfe8 24. Qxe7 Rxe7 25. Rd6 Nh3 26. Rf1 Nxf4
27. Rxf4 Rec7 28. c3 Rc6 29. Rff6 Kf8 30. Rxc6 Nxc6 31. e5 Ke7 32. a4 bxa4 33.
Bxa6 Rc7 34. Rf4 a3 35. Rc4 Kd8 36. e6 fxe6 37. bxa3 Na5 38. Rxc7 Kxc7 39. Kc2
Kd6 40. Kd3 Kd5 41. a4 g5 42. Ke3 h6 43. Kf3 e5 44. Bd3 Nb3 45. Bg6 Nc5 46.
Bf7+ Kc6 47. Kg4 e4 48. a5 Kb5 49. Kf5 e3 50. Bh5 Kxa5 51. Be2 Na4 52. Ke4
Nxc3+ 53. Kxe3 Kb4 54. Bf3 Kc5 55. h4 Nd5+ 56. Bxd5 Kxd5 57. hxg5 hxg5 1/2-1/2

[Event "Cappelle Grande Open 2015"]
[Site "Cappelle la Grande FRA"]
[Date "2015.03.04"]
[Round "6"]
[White "Li, Chao b"]
[Black "Onischuk, Vladimir"]
[Result "1-0"]
[WhiteElo "2728"]
[BlackElo "2629"]
[PlyCount "151"]
[EventDate "2015.02.28"]

1. d4 d6 2. Nf3 g6 3. c4 Bg7 4. Nc3 Nc6 5. d5 Ne5 6. Nxe5 Bxe5 7. e4 Nf6 8. Bd3
O-O 9. O-O c6 10. h3 cxd5 11. exd5 e6 12. Bg5 exd5 13. Nxd5 Be6 14. Be4 Bxd5
15. Bxd5 Qb6 16. Rb1 Rac8 17. b3 Nxd5 18. Qxd5 Rc5 19. Qd2 Bc3 20. Qe3 Bd4 21.
Qxd4 Rxg5 22. Rbd1 Rd8 23. Qxb6 axb6 24. f4 Rc5 25. a4 Kf8 26. Rd4 Ke7 27. Re1+
Kd7 28. Kf2 f5 29. Kf3 Rf8 30. Rd3 Rcc8 31. Rde3 Rf7 32. Re6 Rg8 33. R1e2 Rd8
34. R2e3 Rg8 35. Re2 Rd8 36. Kg3 Rg8 37. Kh4 h6 38. Kg3 Rfg7 39. Kf3 g5 40.
Rxh6 gxf4 41. Rd2 Kc7 42. Rhxd6 Rg3+ 43. Kxf4 Rxb3 44. Rd7+ Kc8 45. Rf7 Rc3 46.
Kxf5 Rxc4 47. g4 Rc5+ 48. Kf4 Rc4+ 49. Kg3 Rxa4 50. Rdf2 b5 51. R7f5 b4 52. g5
b3 53. Rb5 Rc4 54. Rf4 Rc3+ 55. Rf3 Rc1 56. h4 Rh8 57. Rf4 Rb1 58. Kg2 Rb2+ 59.
Kh3 Rb1 60. g6 Rh1+ 61. Kg2 R8xh4 62. g7 R1h2+ 63. Kf3 R4h3+ 64. Kg4 Rh4+ 65.
Kg5 Rh5+ 66. Kf6 Rh6+ 67. Kf7 Rh7 68. Kf8 Rd2 69. Rg4 Rd8+ 70. Kf7 Rd7+ 71. Kf6
Rh6+ 72. Ke5 Rh5+ 73. Ke6 Rh6+ 74. Kf5 Rf7+ 75. Ke4 Re7+ 76. Re5 1-0

[Event "China - India (match) 2015"]
[Site "Hyderabad IND"]
[Date "2015.03.05"]
[Round "4"]
[White "Wei, Yi"]
[Black "Adhiban, Baskaran"]
[Result "1/2-1/2"]
[WhiteElo "2706"]
[BlackElo "2646"]
[PlyCount "95"]
[EventDate "2015.03.02"]

1. e4 e5 2. Nf3 Nc6 3. Bc4 Nf6 4. d3 Bc5 5. Nbd2 O-O 6. O-O d6 7. c3 Ne7 8. Re1
Ng6 9. h3 c6 10. Bb3 Bb6 11. Nf1 Be6 12. Ng3 d5 13. Qc2 Re8 14. Be3 h6 15. Rad1
Qc7 16. Bxb6 axb6 17. d4 dxe4 18. Nxe4 Nxe4 19. Qxe4 Rad8 20. Bxe6 Rxe6 21.
dxe5 Rde8 22. Qd4 Nxe5 23. Nxe5 Rxe5 24. Rxe5 Rxe5 25. Qd8+ Qxd8 26. Rxd8+ Kh7
27. Kf1 Re7 28. a4 f5 29. Rd4 Re4 30. Rxe4 fxe4 31. Ke2 Kg6 32. Ke3 Kf5 33. Kd4
Kf4 34. b4 g5 35. a5 c5+ 36. Kd5 cxb4 37. cxb4 bxa5 38. bxa5 h5 39. Kc5 g4 40.
hxg4 hxg4 41. Kd4 e3 42. fxe3+ Kg3 43. e4 Kxg2 44. e5 g3 45. e6 Kf3 46. e7 g2
47. e8=Q g1=Q+ 48. Kd5 1/2-1/2

[Event "European Championship 2015"]
[Site "Jerusalem ISR"]
[Date "2015.03.05"]
[Round "9"]
[White "Navara, David"]
[Black "Nepomniachtchi, Ian"]
[Result "1-0"]
[WhiteElo "2735"]
[BlackElo "2714"]
[PlyCount "105"]
[EventDate "2015.02.24"]

1. Nf3 Nf6 2. c4 c5 3. Nc3 d5 4. cxd5 Nxd5 5. e3 Nxc3 6. bxc3 Qc7 7. Bb2 Nd7 8.
Qb3 e6 9. c4 b6 10. a4 Bb7 11. a5 f6 12. Bd3 Bd6 13. Qc2 f5 14. Ng5 Nf8 15. f4
h6 16. Nf3 Ng6 17. h4 O-O-O 18. axb6 axb6 19. Bxf5 Nxf4 20. Be4 Bxe4 21. Qxe4
Nd3+ 22. Ke2 Nxb2 23. Rhb1 Rhe8 24. Rxb2 Qb7 25. Qb1 Bc7 26. Rba2 Bb8 27. Ra8
Rd6 28. R1a7 Qxa7 29. Rxa7 Bxa7 30. Ne5 Red8 31. d3 Rf8 32. g4 Bb8 33. Qh1 h5
34. gxh5 Rf5 35. Ng6 Rf7 36. Qe4 Rf6 37. Ne7+ Kc7 38. Qh7 Rf7 39. Ng6 e5 40.
Nxe5 Re7 41. Ng6 Red7 42. Nf4 Kb7 43. Qf5 Bc7 44. e4 b5 45. Nd5 bxc4 46. dxc4
Rd8 47. e5 Re8 48. Nxc7 Kxc7 49. Qf7+ Kd8 50. Qxe8+ Kxe8 51. exd6 Kd7 52. Kf3
Kxd6 53. Kf4 1-0

[Event "European Championship 2015"]
[Site "Jerusalem ISR"]
[Date "2015.03.05"]
[Round "9"]
[White "Korobov, Anton"]
[Black "Smirin, Ilia"]
[Result "1-0"]
[WhiteElo "2687"]
[BlackElo "2650"]
[PlyCount "77"]
[EventDate "2015.02.24"]

1. d4 Nf6 2. c4 g6 3. Nc3 Bg7 4. e4 d6 5. Be2 O-O 6. Bg5 Nbd7 7. Qd2 a6 8. Nf3
Rb8 9. O-O b5 10. cxb5 axb5 11. e5 b4 12. exf6 exf6 13. Bh6 bxc3 14. bxc3 f5
15. a4 Nf6 16. Bxg7 Kxg7 17. a5 Be6 18. a6 Ne4 19. Qc2 Bb3 20. Qc1 Bd5 21. a7
Rb3 22. c4 Ba8 23. Nd2 Rc3 24. Qb2 Qg5 25. Nf3 Qf6 26. Rfd1 c5 27. dxc5 dxc5
28. Bf1 g5 29. Qb8 g4 30. Ne5 Qh4 31. Ra2 Qe7 32. Rd7 Qe6 33. Rxf7+ Rxf7 34.
Qxa8 Rc1 35. Qb8 Rd7 36. Qb2 Rdd1 37. Nd3+ Nc3 38. Qxc1 Rxc1 39. Nxc1 1-0

[Event "European Championship 2015"]
[Site "Jerusalem ISR"]
[Date "2015.03.05"]
[Round "9"]
[White "Eljanov, Pavel"]
[Black "Saric, Ivan"]
[Result "1-0"]
[WhiteElo "2727"]
[BlackElo "2661"]
[PlyCount "67"]
[EventDate "2015.02.24"]

1. d4 d5 2. c4 e6 3. Nf3 Nf6 4. Nc3 Bb4 5. cxd5 exd5 6. Bf4 c5 7. g3 Nc6 8. Bg2
O-O 9. O-O c4 10. Bg5 Bxc3 11. bxc3 h6 12. Bxf6 Qxf6 13. Nd2 Ne7 14. e4 Be6 15.
Qa4 Rfd8 16. Rab1 b6 17. Qa3 Nc6 18. exd5 Bxd5 19. Bxd5 Rxd5 20. Nxc4 Rad8 21.
Qb2 b5 22. Ne3 b4 23. Nxd5 Rxd5 24. Rfd1 bxc3 25. Qxc3 Nxd4 26. Kg2 Qe5 27. Qe3
Qd6 28. Rbc1 Qd7 29. Qc3 Kh7 30. Qd3+ g6 31. Rc4 Rh5 32. Rxd4 Qh3+ 33. Kf3 Rf5+
34. Rf4 1-0

[Event "European Championship 2015"]
[Site "Jerusalem ISR"]
[Date "2015.03.05"]
[Round "9"]
[White "Akopian, Vladimir"]
[Black "Bacrot, Etienne"]
[Result "1/2-1/2"]
[WhiteElo "2660"]
[BlackElo "2711"]
[PlyCount "33"]
[EventDate "2015.02.24"]

1. e4 e5 2. Nf3 Nc6 3. Bb5 Nf6 4. O-O Nxe4 5. Re1 Nd6 6. Nxe5 Be7 7. Bf1 Nxe5
8. Rxe5 O-O 9. Nc3 Ne8 10. Nd5 Bd6 11. Re1 c6 12. Ne3 Be7 13. c4 Nc7 14. b3 d5
15. cxd5 Nxd5 16. Nxd5 cxd5 17. Bb2 1/2-1/2

[Event "European Championship 2015"]
[Site "Jerusalem ISR"]
[Date "2015.03.05"]
[Round "9"]
[White "Vitiugov, Nikita"]
[Black "Hovhannisyan, Robert"]
[Result "1/2-1/2"]
[WhiteElo "2735"]
[BlackElo "2592"]
[PlyCount "93"]
[EventDate "2015.02.24"]

1. d4 d5 2. c4 c6 3. Nf3 Nf6 4. e3 Bg4 5. h3 Bh5 6. g4 Bg6 7. Ne5 e6 8. Nxg6
hxg6 9. Bg2 Bb4+ 10. Nc3 Nbd7 11. Qd3 Qe7 12. Bd2 Nb6 13. b3 O-O 14. g5 Bxc3
15. Qxc3 Ne4 16. Bxe4 dxe4 17. Rg1 e5 18. Rg4 Rfe8 19. O-O-O Nd7 20. Qc2 a5 21.
Rxe4 b5 22. dxe5 Nc5 23. Rg4 b4 24. e6 Qxe6 25. Kb1 Ne4 26. Be1 Qe7 27. c5 a4
28. bxa4 Rab8 29. Kc1 Qe5 30. Rd4 Nxc5 31. Bxb4 Ne6 32. Bd6 Qa5 33. Bxb8 Nxd4
34. Rxd4 Rxb8 35. h4 c5 36. Rd5 Qa8 37. e4 Qa6 38. Kd2 Qf1 39. Ke3 Rb1 40. Kf4
Re1 41. Ke5 Qh3 42. Rxc5 Qe6+ 43. Kd4 Qd6+ 44. Kc4 Qe6+ 45. Kd4 Qd6+ 46. Kc4
Qe6+ 47. Kd4 1/2-1/2

[Event "European Championship 2015"]
[Site "Jerusalem ISR"]
[Date "2015.03.05"]
[Round "9"]
[White "Vallejo Pons, Francisco"]
[Black "Aleksandrov, Aleksej"]
[Result "1/2-1/2"]
[WhiteElo "2706"]
[BlackElo "2603"]
[PlyCount "45"]
[EventDate "2015.02.24"]

1. d4 Nf6 2. c4 e6 3. Nf3 d5 4. g3 dxc4 5. Bg2 Nc6 6. Qa4 Bb4+ 7. Bd2 Bd6 8.
Ne5 Bxe5 9. Bxc6+ bxc6 10. dxe5 Qd5 11. O-O Nd7 12. Bc3 Nb6 13. Qa3 c5 14. Nd2
O-O 15. f3 Qc6 16. Ne4 Na4 17. Bd2 Rd8 18. Rac1 Qb5 19. Bg5 Rd4 20. Be3 Rd8 21.
Bg5 Rd4 22. Be3 Rd8 23. Bg5 1/2-1/2

[Event "European Championship 2015"]
[Site "Jerusalem ISR"]
[Date "2015.03.05"]
[Round "9"]
[White "Inarkiev, Ernesto"]
[Black "Mchedlishvili, Mikheil"]
[Result "0-1"]
[WhiteElo "2675"]
[BlackElo "2586"]
[PlyCount "100"]
[EventDate "2015.02.24"]

1. e4 c5 2. Nf3 e6 3. d4 cxd4 4. Nxd4 Nc6 5. Nc3 a6 6. f3 Nge7 7. Nb3 b5 8. Be3
d6 9. Qd2 Bb7 10. O-O-O Nc8 11. g4 Be7 12. f4 O-O 13. g5 Nb6 14. Rg1 b4 15. Nb1
Re8 16. Qf2 Nd7 17. N1d2 a5 18. Kb1 a4 19. Nc1 Qc7 20. Nd3 d5 21. exd5 exd5 22.
f5 Bd6 23. g6 hxg6 24. fxg6 fxg6 25. Rxg6 Nce5 26. Rg1 Rac8 27. Rc1 Nc5 28. Nf4
Qf7 29. Qh4 b3 30. Bh3 bxa2+ 31. Ka1 Be7 32. Qf2 a3 33. Bd4 Rc6 34. b3 Bf8 35.
Qh4 Be7 36. Qf2 Bf6 37. Kxa2 Ne4 38. Nxe4 dxe4 39. Bf5 Rd6 40. Ba1 e3 41. Qg3
Nc6 42. Nd3 Rxd3 43. cxd3 Bxa1 44. Rxa1 Qf6 45. Qxg7+ Qxg7 46. Rxg7+ Kxg7 47.
Rg1+ Kf6 48. Be4 Nb4+ 49. Kxa3 Bxe4 50. dxe4 Rxe4 0-1

[Event "Cappelle Grande Open 2015"]
[Site "Cappelle la Grande FRA"]
[Date "2015.03.05"]
[Round "7"]
[White "Bachmann, Axel"]
[Black "Li, Chao b"]
[Result "1/2-1/2"]
[WhiteElo "2601"]
[BlackElo "2728"]
[PlyCount "57"]
[EventDate "2015.02.28"]

1. Nf3 d5 2. g3 g6 3. Bg2 Bg7 4. c4 d4 5. O-O c5 6. e3 Nc6 7. exd4 cxd4 8. d3
Nf6 9. a3 a5 10. Re1 O-O 11. Nbd2 Bf5 12. Qc2 Rc8 13. Rb1 Re8 14. b4 axb4 15.
axb4 b5 16. Nh4 Bd7 17. Qb3 e5 18. Nhf3 e4 19. dxe4 bxc4 20. Qxc4 Ne5 21. Qf1
Nxf3+ 22. Bxf3 Rc2 23. b5 Qb6 24. e5 Ng4 25. Be4 Ra2 26. Bd5 Rc2 27. Be4 Ra2
28. Bd5 Rc2 29. Be4 1/2-1/2

[Event "European Championship 2015"]
[Site "Jerusalem ISR"]
[Date "2015.03.06"]
[Round "10"]
[White "Najer, Evgeniy"]
[Black "Korobov, Anton"]
[Result "1-0"]
[WhiteElo "2634"]
[BlackElo "2687"]
[PlyCount "79"]
[EventDate "2015.02.24"]

1. e4 c5 2. Nf3 Nf6 3. e5 Nd5 4. Nc3 Nxc3 5. dxc3 Nc6 6. Bf4 e6 7. Bc4 h6 8.
Qe2 Qc7 9. Bg3 b6 10. O-O-O Bb7 11. Rd2 O-O-O 12. Rhd1 Kb8 13. Ba6 Be7 14. h4
Ka8 15. Kb1 Qc8 16. Bxb7+ Qxb7 17. h5 Rhg8 18. Qe4 f5 19. exf6 Bxf6 20. Bd6
Rge8 21. Rd3 e5 22. a4 Re6 23. Nd2 Rde8 24. f3 Na5 25. b4 Qxe4 26. Nxe4 Nc4 27.
Ka2 Rc8 28. bxc5 bxc5 29. Bxc5 Rb8 30. Rb1 Rxb1 31. Kxb1 Ra6 32. Ka2 d6 33.
Bxd6 Rxa4+ 34. Kb3 Nb6 35. Bf8 Ra1 36. c4 Rb1+ 37. Ka2 Rh1 38. c5 Nc4 39. c6
Kb8 40. Rc3 1-0

[Event "European Championship 2015"]
[Site "Jerusalem ISR"]
[Date "2015.03.06"]
[Round "10"]
[White "Sjugirov, Sanan"]
[Black "Navara, David"]
[Result "1/2-1/2"]
[WhiteElo "2678"]
[BlackElo "2735"]
[PlyCount "88"]
[EventDate "2015.02.24"]

1. d4 Nf6 2. c4 g6 3. Nc3 d5 4. Bf4 Bg7 5. e3 O-O 6. Rc1 Be6 7. cxd5 Nxd5 8.
Nxd5 Bxd5 9. Bxc7 Qd7 10. Bg3 Nc6 11. Ne2 e5 12. dxe5 Nxe5 13. Nc3 Rac8 14. e4
Be6 15. Qxd7 Nxd7 16. Be2 Nc5 17. O-O Bxc3 18. Rxc3 Nxe4 19. Rxc8 Rxc8 20. Bf4
Bxa2 21. Ra1 Bc4 22. Bxc4 Rxc4 23. Rxa7 Nc5 24. Be3 Kg7 25. h3 h5 26. Ra5 Ne6
27. Rb5 Rc7 28. g4 hxg4 29. hxg4 Rd7 30. Kg2 Nd4 31. Rb6 Nc6 32. Kg3 f6 33. g5
fxg5 34. Bxg5 Kf7 35. b4 Ne7 36. Bxe7 Rxe7 37. Kf4 Kg7 38. Kg5 Re5+ 39. Kg4 Re7
40. f4 Rd7 41. Kf3 Re7 42. Kg4 Rd7 43. Kf3 Re7 44. Kg4 Rd7 1/2-1/2

[Event "European Championship 2015"]
[Site "Jerusalem ISR"]
[Date "2015.03.06"]
[Round "10"]
[White "Nepomniachtchi, Ian"]
[Black "Popov, Ivan RUS"]
[Result "1/2-1/2"]
[WhiteElo "2714"]
[BlackElo "2639"]
[PlyCount "37"]
[EventDate "2015.02.24"]

1. Nf3 d5 2. g3 Nf6 3. Bg2 c5 4. O-O e6 5. d3 Nc6 6. Nbd2 b6 7. e4 Bb7 8. Re1
Be7 9. e5 Nd7 10. h4 Qc7 11. Qe2 h6 12. Nf1 b5 13. c3 d4 14. Bd2 dxc3 15. bxc3
Nb6 16. d4 Nc4 17. a4 Nxd2 18. N1xd2 bxa4 19. dxc5 1/2-1/2

[Event "European Championship 2015"]
[Site "Jerusalem ISR"]
[Date "2015.03.06"]
[Round "10"]
[White "Bacrot, Etienne"]
[Black "Kempinski, Robert"]
[Result "1/2-1/2"]
[WhiteElo "2711"]
[BlackElo "2625"]
[PlyCount "112"]
[EventDate "2015.02.24"]

1. d4 d5 2. c4 c6 3. Nc3 Nf6 4. Nf3 dxc4 5. a4 e6 6. e3 c5 7. Bxc4 Nc6 8. O-O
cxd4 9. exd4 Be7 10. Qe2 O-O 11. Rd1 Nb4 12. Bg5 h6 13. Bxf6 Bxf6 14. Ne4 b6
15. Ne5 Bb7 16. Nxf6+ Qxf6 17. Nd7 Qg6 18. d5 Rfe8 19. Ne5 Qg5 20. f4 Qxf4 21.
dxe6 fxe6 22. Rd7 Bd5 23. Rf1 Qd4+ 24. Kh1 Rf8 25. Bxd5 Nxd5 26. Nf3 Qf6 27.
Re1 Rac8 28. Rxa7 Nf4 29. Qe5 Qg6 30. Nh4 Qg4 31. Qe4 Qxh4 32. g3 Qg4 33. gxf4
Rxf4 34. Qxe6+ Qxe6 35. Rxe6 Rg4 36. Re1 Rc2 37. Rg1 Rxg1+ 38. Kxg1 Rxb2 39. a5
bxa5 40. Rxa5 Re2 41. Ra7 Kh7 42. Ra6 h5 43. Rb6 g6 44. Rb5 Kh6 45. Ra5 h4 46.
Rb5 Re3 47. Kf2 Rc3 48. Kg2 h3+ 49. Kf2 g5 50. Rb1 Kh5 51. Kg1 Kg4 52. Kh1 Rd3
53. Rf1 Rd2 54. Kg1 Rd3 55. Kh1 Rf3 56. Rxf3 Kxf3 1/2-1/2